| 000 | 01651ngm a22003730a 4500 | ||
|---|---|---|---|
| 001 | PT50881 | ||
| 003 | AR-LpoUNG | ||
| 005 | 20210202000039.0 | ||
| 007 | vd cvaizq | ||
| 008 | 191001s2010||||ag |||||||||||||||||spa d | ||
| 037 | _c$4 | ||
| 040 |
_aAR-LpoUNG _bspa _cAR-LpoUNG _eaacr |
||
| 041 | _aspa | ||
| 044 | _aag | ||
| 082 | 0 | _a306.734 593pro | |
| 100 | 1 |
_aRipstein, Arturo _edir. |
|
| 245 | 1 | 0 | _aProfundo carmesí |
| 260 |
_aBuenos Aires : _bMK2, _c2010. |
||
| 300 | _aDVD (114 min.) : son., col. | ||
| 505 | 0 | _aHecha en 1995. Música: David Mansfield. Dirección de fotografía: Guillermo Granillo. Guión: Paz Alicia Garciadiego. Intérpretes: Daniel Jiménez Cacho, Regina Orozco y Marisa Paredes. Contiene filmografías de actores y director, trailer, selección de escenas. Subtítulos en español. Ganadora de las tres Osellas de Oro del Festival de Venecia 1996. | |
| 520 | _aAdicta a las revistas "del corazón" y enamorada platónica de Charles Boyer, la enfermera Coral vive amargada por su gordura y por la falta de un amor en su vida. Mediante un correo sentimental, Coral conoce a Nicolás Estrella, un estafador especializado en mujeres solitarias. Nicolás la rechaza por no ser rica, pero Coral está determinada a obtener su amor a toda costa, sin importarle que esta obsesión la conduzca a una cadena de sangrientos crímenes. | ||
| 650 | 4 | _aDRAMA | |
| 650 | 4 | _aMUJERES | |
| 650 | 4 | _aRELACIONES HUMANAS | |
| 651 | 4 | _aEspaña | |
| 653 | _aCINE ESPAÑOL | ||
| 653 | _aCOMEDIA | ||
| 653 | _aCRIMENES | ||
| 653 | _aDVD | ||
| 653 | _aPOLICIAL | ||
| 653 | _aVIDEOS | ||
| 905 | _a50881 | ||
| 942 | _cDVD | ||
| 999 |
_c54025 _d54025 |
||